02350cam a2200409 i 4500001000500000005001700005020003000022020002700052020001800079020001500097040015000112050002300262082001000285100003000295245003900325250001900364260003400383300004100417490003300458505000600491505027500497520048800772521001801260521001801278650004101296650003601337650003501373650004601408650004101454650004001495655004601535906004501581942001501626999001501641952014301656952014101799139520231211141822.0 a9780545852319 (hardcover) a0545852315 (hardcover) a9780545908023 a0545908027 aDLCbengcDLCerdadOCLCOdYDXCPdBDXdBTCTAdFOLLTdOCLCOdNYPdMLYdTAPdOCLCOdOCLCFdZJIdOCLCOdIEPdOCLCOdVP@dIEUdOCLCQdOKNdOCLCOdDLC00aQL100.5b.T37 2015 a591.61 aTarshis, Lauren,eauthor.10aNature attacks! /cLauren Tarshis. aFirst edition. aNew York :bScholastic,c2017 a157 pages :billustrations ;c22 cm.1 aI survived true stories ;v20 aQ0 aSummer of terror: the true story of the shark attacks of 1916 -- The volcano that changed the world: the eruption off Mount Tambora, 1815 -- The bloodred night: the Great Peshtigo Fire of 1871 -- The invisible monster: one girl's encounter with the deadly box jellyfish. aFrom 14-year-old Joseph Dunn who was the lone survivor of the Shark Attacks of 1916, to 9-year-old Mike Kramer who, with the help of his quick-thinking parents, survived the Peshtigo fire of 1871 (which took place on the very same day in history as the Great Chicago Fire!), to the 13-year-old girl who survived a terrifying attack by a box jellyfish, this is a collection of unforgettable narrative non-fiction stories of unimaginable destruction -- and, against all odds, survival.1 a970 bLexile1 aQ bRaz-Plus 0aAnimal attacksvJuvenile literature. 0aDisastersvJuvenile literature. 0aSurvivalvJuvenile literature. 7aAnimal attacks.2fast0(OCoLC)fst00809078 7aDisasters.2fast0(OCoLC)fst00894782 7aSurvival.2fast0(OCoLC)fst01761768 7aJuvenile works.2fast0(OCoLC)fst01411637 a7bcbccorignewd1eecipf20gy-gencatlg 2ddccBKn0 c1395d1395 00102ddc40708NFICa001b001cTKSNFd2023-08-23l1oTAR 591.6 QL100.T37pFISTK05408r2025-09-16 14:21:11s2025-09-01t1w2023-08-23yBK 00102ddc40708NFICa001b001cTTPd2023-12-15l1oTAR 591.6 QL100.T37pFISSE01686r2024-09-03 14:16:04s2024-09-03t2w2023-08-23yBK